[Event "62. BEM 2008"]
[Site "Dortmund"]
[Date "2008.02.19"]
[Round "2.13"]
[White "Hlopotov, Oleg"]
[Black "Collisy, Klaus-D"]
[Result "1/2-1/2"]
[WhiteElo "1679"]
[BlackElo "1326"]
[PlyCount "78"]
[EventDate "2008.??.??"]
[Source "SG Dortmund"]
[SourceDate "2004.12.16"]

1. e4 e5 2. Nf3 Nc6 3. Nc3 Nf6 4. Bb5 a6 5. Ba4 b5 6. Bb3 Bc5 7. d3 O-O 8. Bg5
h6 9. Bh4 Be7 10. O-O d6 11. Nd5 Be6 12. Nxe7+ Qxe7 13. c3 Nb8 14. d4 Rd8 15.
h3 Bxb3 16. Qxb3 Nbd7 17. Rad1 Nf8 18. Qc2 Ng6 19. dxe5 Nxh4 20. Nxh4 dxe5 21.
Nf5 Qf8 22. Qe2 Rxd1 23. Rxd1 Rd8 24. Re1 g6 25. Ng3 Qd6 26. Qf3 Kg7 27. Kh2
Qd2 28. Re2 Qd1 29. b3 Rd2 30. Rxd2 Qxd2 31. Qe3 Qxa2 32. Qc5 Qxb3 33. Qxc7 Qe6
34. f3 Nh5 35. Nxh5+ gxh5 36. Kg3 Qf6 37. Kf2 h4 38. Ke2 Qe6 39. Ke3 Qf6
1/2-1/2

[Event "62. BEM 2008"]
[Site "Dortmund"]
[Date "2008.02.19"]
[Round "2.14"]
[White "Ziperstein, Jakob"]
[Black "Siwy, Boguslaw"]
[Result "1-0"]
[WhiteElo "1851"]
[BlackElo "1323"]
[PlyCount "43"]
[EventDate "2008.??.??"]
[Source "SG Dortmund"]
[SourceDate "2004.12.16"]

1. e4 e5 2. Nc3 Nf6 3. Bc4 Nc6 4. Nf3 d6 5. d4 Bg4 6. Be3 Bxf3 7. gxf3 a6 8.
Qd2 Nd7 9. O-O-O Qf6 10. Nd5 Qd8 11. f4 exf4 12. Nxf4 Nb6 13. Bb3 Qd7 14. Qc3
Be7 15. Rhg1 O-O-O 16. d5 Bf6 17. dxc6 Qe8 18. cxb7+ Kxb7 19. Qd3 c5 20. Nd5
Qe5 21. Nxf6 Qxf6 22. Bg5 1-0

[Event "62. BEM 2008"]
[Site "Dortmund"]
[Date "2008.02.19"]
[Round "2.15"]
[White "Watzlawek, Volker"]
[Black "Flierdl, Lothar"]
[Result "1-0"]
[WhiteElo "1661"]
[BlackElo "1702"]
[PlyCount "67"]
[EventDate "2008.??.??"]
[Source "SG Dortmund"]
[SourceDate "2004.12.16"]

1. e4 c5 2. Nf3 Nc6 3. g3 e5 4. Bg2 Nf6 5. d3 d6 6. O-O Be7 7. Nbd2 O-O 8. a4
a5 9. c3 Bg4 10. h3 Bh5 11. Nc4 b6 12. Be3 Rb8 13. g4 Bg6 14. Nh4 Ne8 15. Nf5
Bxf5 16. gxf5 Bf6 17. f4 exf4 18. Bxf4 Ne5 19. Ne3 Bg5 20. d4 Bxf4 21. Rxf4 Qg5
22. Nd5 Nd7 23. Rg4 Qh6 24. Qe1 g6 25. e5 dxe5 26. dxe5 Qg7 27. f6 Ndxf6 28.
exf6 Nxf6 29. Ne7+ Kh8 30. Nf5 Nxg4 31. Nxg7 Kxg7 32. hxg4 Rfe8 33. Qf2 Re7 34.
Re1 1-0

[Event "62. BEM 2008"]
[Site "Dortmund"]
[Date "2008.02.19"]
[Round "2.16"]
[White "Kajtazovic, Ismail"]
[Black "Gennat, Egon L"]
[Result "1-0"]
[WhiteElo "1525"]
[BlackElo "1495"]
[PlyCount "93"]
[EventDate "2008.??.??"]
[Source "SG Dortmund"]
[SourceDate "2004.12.16"]

1. d4 Nf6 2. c4 e6 3. Nf3 Bb4+ 4. Nbd2 d5 5. Qa4+ Nc6 6. e3 Bd7 7. Qb3 Qe7 8.
a3 Na5 9. Qxb4 Qxb4 10. axb4 Nc6 11. b5 Nb4 12. Kd1 Ng4 13. Ke2 dxc4 14. h3 Nf6
15. Ne5 Bxb5 16. Nexc4 O-O 17. b3 Rfe8 18. f3 e5 19. dxe5 Rxe5 20. Kf2 Rd5 21.
Bb2 a6 22. Bxf6 gxf6 23. Ne4 Kg7 24. Be2 Nd3+ 25. Bxd3 Rxd3 26. Nc5 Rc3 27.
Rac1 Rxc1 28. Rxc1 b6 29. Ne4 Rd8 30. Ke2 f5 31. Nc3 Bc6 32. Rd1 Rxd1 33. Kxd1
Kf6 34. Kd2 Ke6 35. Kd3 h5 36. h4 Bb7 37. Ne2 a5 38. Nf4+ Ke7 39. Nxh5 Ba6 40.
Kd4 Bxc4 41. Kxc4 c6 42. Nf4 Kd6 43. Kd4 b5 44. h5 a4 45. bxa4 bxa4 46. h6 a3
47. Kc3 1-0

[Event "62. BEM 2008"]
[Site "Dortmund"]
[Date "2008.02.19"]
[Round "2.17"]
[White "Ackerhans, Gerd"]
[Black "Gorzinski, Dariusz"]
[Result "0-1"]
[WhiteElo "1415"]
[BlackElo "1841"]
[PlyCount "66"]
[EventDate "2008.??.??"]
[Source "SG Dortmund"]
[SourceDate "2004.12.16"]

1. Nf3 d6 2. c4 g6 3. Nc3 Bg7 4. g3 f5 5. d3 Nf6 6. Bg2 O-O 7. O-O e5 8. Bg5 h6
9. Bd2 g5 10. h3 c6 11. Re1 g4 12. Nh4 Nh5 13. hxg4 fxg4 14. Qc1 Nf4 15. Be4
Nh3+ 16. Kh1 Nxf2+ 17. Kg2 Nxe4 18. Nxe4 d5 19. Bxh6 dxe4 20. Ng6 Qf6 21. Nxf8
Bxh6 22. Rf1 Qd6 23. c5 Bxc1 24. cxd6 Bxb2 25. Rab1 Ba3 26. d7 Nxd7 27. Nxd7
Bxd7 28. Rxb7 Be6 29. Rf6 Bd5 30. dxe4 Bxe4+ 31. Kh2 Rd8 32. Rxa7 Rd1 33. Ra8+
Kg7 0-1

[Event "62. BEM 2008"]
[Site "Dortmund"]
[Date "2008.02.19"]
[Round "2.18"]
[White "Schultz, Bernfried"]
[Black "Pachura, Karl-Heinz"]
[Result "1-0"]
[WhiteElo "1668"]
[BlackElo "1305"]
[PlyCount "97"]
[EventDate "2008.??.??"]
[Source "SG Dortmund"]
[SourceDate "2004.12.16"]

1. e4 e5 2. Nf3 Nc6 3. d4 exd4 4. Nxd4 Bc5 5. Be3 Nxd4 6. Bxd4 Bxd4 7. Qxd4 Qf6
8. e5 Qb6 9. Qxb6 axb6 10. b4 f6 11. f4 fxe5 12. fxe5 Ne7 13. Bc4 Rf8 14. Nc3
Rf4 15. Bb3 c6 16. Rf1 Rxf1+ 17. Kxf1 Nf5 18. Na4 b5 19. Nb6 Rb8 20. c3 Kd8 21.
Re1 Kc7 22. Nxc8 Rxc8 23. e6 Rf8 24. Kg1 dxe6 25. Rxe6 Kd7 26. Re1 Rf6 27. Bg8
h6 28. Bb3 Ne7 29. Re3 Nf5 30. Rf3 Ne7 31. Rxf6 gxf6 32. Kf2 Nd5 33. Bxd5 cxd5
34. Ke3 Kd6 35. Kf4 Ke6 36. g4 Kf7 37. Kf5 b6 38. h3 Kg7 39. Ke6 Kg6 40. h4 h5
41. gxh5+ Kxh5 42. Kxf6 Kxh4 43. Ke5 Kg4 44. Kxd5 Kf4 45. Kc6 Ke4 46. Kxb5 Kd5
47. c4+ Kd6 48. Kxb6 Kd7 49. Kb7 1-0

[Event "62. BEM 2008"]
[Site "Dortmund"]
[Date "2008.02.19"]
[Round "2.19"]
[White "Rutmann, Ulrich"]
[Black "Ziemek, Siegfried"]
[Result "0-1"]
[WhiteElo "1401"]
[BlackElo "1671"]
[PlyCount "68"]
[EventDate "2008.??.??"]
[Source "SG Dortmund"]
[SourceDate "2004.12.16"]

1. e4 e6 2. d4 d5 3. exd5 exd5 4. Nf3 Bg4 5. Be2 Bd6 6. c3 Ne7 7. O-O c6 8. Re1
O-O 9. Qc2 Nd7 10. Ng5 Bf5 11. Bd3 Bxd3 12. Qxd3 Nf6 13. Nd2 Ng6 14. Nb3 Ng4
15. Nf3 Bc7 16. Qf5 Nf6 17. Bg5 Qd6 18. Bxf6 gxf6 19. Nc5 b6 20. Nd7 Rfd8 21.
Nxf6+ Kh8 22. Ne5 Rf8 23. Nfd7 Kg7 24. Nxf8 Rxf8 25. Qg4 f5 26. Qf3 Bd8 27. g3
f4 28. Qg4 Kh8 29. gxf4 Nxf4 30. Qd7 Qf6 31. Kh1 Ng6 32. Ng4 Qf3+ 33. Kg1 Nf4
34. Ne3 Rg8+ 0-1

[Event "62. BEM 2008"]
[Site "Dortmund"]
[Date "2008.02.19"]
[Round "2.20"]
[White "Strotmann, Dieter"]
[Black "Benke, Werner"]
[Result "0-1"]
[WhiteElo "1296"]
[BlackElo "1563"]
[PlyCount "98"]
[EventDate "2008.??.??"]
[Source "SG Dortmund"]
[SourceDate "2004.12.16"]

1. Nf3 Nf6 2. d4 d5 3. g3 g6 4. Bg2 Bg7 5. O-O O-O 6. b3 c5 7. Bb2 Nbd7 8. Nbd2
b6 9. Rb1 Bb7 10. c4 e6 11. cxd5 Bxd5 12. Re1 Ne4 13. dxc5 Bxb2 14. Rxb2 Qf6
15. Qa1 Ndxc5 16. Nxe4 Nxe4 17. Nd2 Qf5 18. Nxe4 Bxe4 19. f3 Bb7 20. Rd2 Rfd8
21. Red1 Qc5+ 22. Kf1 Qc7 23. Rxd8+ Rxd8 24. Rxd8+ Qxd8 25. Qe5 h6 26. b4 Bd5
27. a4 Bc6 28. a5 b5 29. Qc5 Qd7 30. Kf2 Bd5 31. h4 Bc4 32. f4 Bd5 33. e4 Bc4
34. Qe3 Qd1 35. g4 Qxg4 36. Qg3 Qe2+ 37. Kg1 Qd2 38. Kh2 Qxb4 39. e5 Qb3 40. h5
Qxg3+ 41. Kxg3 Kg7 42. Bf3 Bd3 43. Kf2 f6 44. Ke3 Bc4 45. Kd4 g5 46. fxg5 fxg5
47. Kc5 Kf7 48. Bc6 g4 49. Kb4 Ke7 0-1

[Event "62. BEM 2008"]
[Site "Dortmund"]
[Date "2008.02.19"]
[Round "2.21"]
[White "Schaefer, Ulrich"]
[Black "Dörre, Niels"]
[Result "1/2-1/2"]
[WhiteElo "1253"]
[BlackElo "1590"]
[PlyCount "41"]
[EventDate "2008.??.??"]
[Source "SG Dortmund"]
[SourceDate "2004.12.16"]

1. e4 e6 2. d4 d5 3. e5 c5 4. Be3 cxd4 5. Bxd4 Nc6 6. Bb5 Qa5+ 7. Nc3 Bb4 8.
Bxc6+ bxc6 9. Nf3 c5 10. a3 cxd4 11. axb4 Qxb4 12. Qxd4 Qxd4 13. Nxd4 Ne7 14.
O-O O-O 15. Ncb5 a6 16. Nd6 Bd7 17. Ra3 Ng6 18. f4 Rfb8 19. b3 Rb4 20. c3 Rb6
21. g3 1/2-1/2

[Event "62. BEM 2008"]
[Site "Dortmund"]
[Date "2008.02.20"]
[Round "2.22"]
[White "Warsitz, Andreas"]
[Black "Krüger, Inge"]
[Result "1-0"]
[WhiteElo "1558"]
[BlackElo "1375"]
[PlyCount "73"]
[EventDate "2008.??.??"]
[Source "SG Dortmund"]
[SourceDate "2004.12.16"]

1. e4 e6 2. d4 d5 3. Nd2 c5 4. exd5 exd5 5. Ngf3 Nf6 6. c3 Be7 7. Be2 O-O 8.
O-O Nbd7 9. dxc5 Bxc5 10. Nb3 Bb6 11. Bg5 Re8 12. Bh4 Bc7 13. Re1 b6 14. Nfd4
Bb7 15. Bb5 Rxe1+ 16. Qxe1 Be5 17. Rd1 Qc7 18. Nf3 Re8 19. Qf1 a6 20. Bxd7 Nxd7
21. Nxe5 Rxe5 22. Bg3 Kf8 23. Nd4 Qc8 24. Bxe5 Nxe5 25. Qe2 Ng6 26. Re1 a5 27.
f4 Qd7 28. g3 Ne7 29. Qe5 Qd8 30. Qg5 Qd7 31. Qe5 Qd8 32. Qh5 h6 33. f5 Qd6 34.
Ne6+ fxe6 35. fxe6 Qc5+ 36. Kf1 Ba6+ 37. Kg2 1-0

[Event "62. BEM 2008"]
[Site "Dortmund"]
[Date "2008.02.19"]
[Round "2.23"]
[White "Hast, Stefan"]
[Black "Rzoczek, Christoph"]
[Result "0-1"]
[WhiteElo "1083"]
[BlackElo "1588"]
[PlyCount "134"]
[EventDate "2008.??.??"]
[Source "SG Dortmund"]
[SourceDate "2004.12.16"]

1. e4 d5 2. exd5 Qxd5 3. Nc3 Qd6 4. Bc4 Nf6 5. Nge2 Bg4 6. f3 Bh5 7. d3 c6 8.
Nf4 Bg6 9. Ne4 Bxe4 10. fxe4 e5 11. Nh3 h6 12. Nf2 Nbd7 13. Bd2 a5 14. a3 b5
15. Ba2 Qd4 16. Qe2 Qb6 17. O-O Bc5 18. b4 axb4 19. axb4 Be7 20. Be3 Qb7 21. c3
Bd8 22. Ng4 Rf8 23. Nxf6+ Nxf6 24. Rf5 Nd7 25. Qf1 f6 26. Rf2 Bb6 27. Bxb6 Qxb6
28. Be6 Ke7 29. Bxd7 Kxd7 30. Rxa8 Rxa8 31. g3 Qe3 32. Qe2 Qxe2 33. Rxe2 Ra1+
34. Kg2 Rc1 35. Ra2 Ke8 36. Ra3 Rc2+ 37. Kg1 Kf7 38. h4 Kg6 39. Kf1 Kh5 40. Ra7
g5 41. hxg5 fxg5 42. Re7 Rxc3 43. Ke2 Rb3 44. Rxe5 Kg4 45. Rc5 Kxg3 46. Rxc6 h5
47. Rc5 Kg4 48. Ke3 h4 49. Rf5 h3 50. Rf1 h2 51. e5 Ra3 52. e6 Ra8 53. d4 Kg3
54. d5 Kg2 55. Rf2+ Kg1 56. Rxh2 Kxh2 57. e7 g4 58. d6 g3 59. d7 g2 60. d8=Q
g1=Q+ 61. Kf4 Qf2+ 62. Ke5 Qe3+ 63. Kf5 Qh3+ 64. Ke5 Qh5+ 65. Ke4 Qg4+ 66. Ke5
Qg7+ 67. Ke4 Qg4+ {
und Weiss verlor nach ca. 25 weiteren Zuegen durch Zeitueberschreitung ...} 0-1

[Event "62. BEM 2008"]
[Site "Dortmund"]
[Date "2008.02.19"]
[Round "2.24"]
[White "Noori, Mir Ahmad"]
[Black "Wodzinski, Kristin"]
[Result "0-1"]
[WhiteElo "1556"]
[BlackElo "1212"]
[PlyCount "82"]
[EventDate "2008.??.??"]
[Source "SG Dortmund"]
[SourceDate "2004.12.16"]

1. d4 d5 2. Nf3 e6 3. e3 Nf6 4. Bd3 Nbd7 5. b3 Bd6 6. Bb2 O-O 7. Nbd2 c5 8. a3
b6 9. O-O Bb7 10. c3 Re8 11. c4 Ne4 12. Be2 Ndf6 13. Ne5 Nxd2 14. Qxd2 Ne4 15.
Qe1 Bxe5 16. dxe5 dxc4 17. Bxc4 Qd2 18. Qe2 Qxe2 19. Bxe2 Nd2 20. Rfd1 Nxb3 21.
Rab1 Be4 22. Bd3 Bxd3 23. Rxd3 c4 24. Rd7 Red8 25. Rbd1 Rxd7 26. Rxd7 Kf8 27.
Kf1 Ke8 28. Rd1 Rd8 29. Ke2 Rxd1 30. Kxd1 Kd7 31. Kc2 b5 32. Bc3 Kc6 33. f3 a5
34. h4 Kc5 35. Be1 Kd5 36. Bc3 Kc5 37. Be1 b4 38. Kb2 Kb5 39. g4 Nc5 40. Bd2
Nd3+ 41. Ka2 Nxe5 0-1

[Event "62. BEM 2008"]
[Site "Dortmund"]
[Date "2008.02.19"]
[Round "2.25"]
[White "Sonntag, Joachim"]
[Black "Schoppe, Hans-Werner"]
[Result "1-0"]
[WhiteElo "1769"]
[BlackElo "1243"]
[PlyCount "81"]
[EventDate "2008.??.??"]
[Source "SG Dortmund"]
[SourceDate "2004.12.16"]

1. e4 e6 2. d4 d5 3. exd5 exd5 4. Nf3 Nf6 5. Nc3 c6 6. Bd3 Bd6 7. h3 O-O 8. O-O
h6 9. Re1 Nbd7 10. Ne5 Qc7 11. f4 a6 12. Qf3 b5 13. a3 Nb6 14. Ne2 Bb7 15. Ng3
c5 16. c3 cxd4 17. cxd4 Nc4 18. Nf5 Bxe5 19. fxe5 Ne4 20. Qg4 f6 21. Bxh6 Bc8
22. Rxe4 Bxf5 23. Qxf5 fxe5 24. Qe6+ Qf7 25. Qxf7+ Rxf7 26. Rg4 e4 27. Bxc4
bxc4 28. Bf4 Re8 29. Rf1 e3 30. Re1 e2 31. Be5 Ref8 32. Rxe2 Rf1+ 33. Kh2 R8f7
34. Kg3 Kh7 35. Rf4 R1xf4 36. Bxf4 Rb7 37. Kg4 Kg6 38. h4 Kh7 39. Kg5 Kg8 40.
Bd6 Rb3 41. Kg6 1-0

[Event "62. BEM 2008"]
[Site "Dortmund"]
[Date "2008.02.19"]
[Round "2.26"]
[White "Kiauka, Richard"]
[Black "Ezzat, Tarik"]
[Result "0-1"]
[WhiteElo "1191"]
[BlackElo "1506"]
[PlyCount "58"]
[EventDate "2008.??.??"]
[Source "SG Dortmund"]
[SourceDate "2004.12.16"]

1. e4 e5 2. Nf3 Nc6 3. Bb5 Nf6 4. Bxc6 bxc6 5. d3 d6 6. h3 a5 7. b3 Be7 8. Bb2
O-O 9. O-O Ba6 10. Re1 Nd7 11. Na3 f5 12. exf5 Rxf5 13. Qd2 Bb7 14. Nc4 c5 15.
Nxa5 Bxf3 16. gxf3 Bg5 17. Qc3 Rxf3 18. Qc4+ Kh8 19. Qg4 Rf4 20. Qe2 Rxa5 21.
Bc1 Rh4 22. Kh2 Qf6 23. Bxg5 Qxg5 24. Rg1 Qf4+ 25. Rg3 Nf6 26. Kg2 Qf5 27. a4
Nh5 28. Rf3 Nf4+ 29. Rxf4 Qxh3+ 0-1

[Event "62. BEM 2008"]
[Site "Dortmund"]
[Date "2008.02.19"]
[Round "2.27"]
[White "Reinacher, Detlev"]
[Black "Dirks, Rainer"]
[Result "1-0"]
[WhiteElo "1464"]
[BlackElo "1155"]
[PlyCount "40"]
[EventDate "2008.??.??"]
[Source "SG Dortmund"]
[SourceDate "2004.12.16"]

1. d4 d5 2. c4 f6 3. Nc3 e6 4. Nf3 dxc4 5. e3 Bb4 6. Bxc4 Ne7 7. Bd2 Nd5 8. e4
Nb6 9. Bb3 a5 10. a3 Be7 11. O-O e5 12. dxe5 f5 13. h3 fxe4 14. Nxe4 Nc6 15.
Re1 Nd4 16. Nxd4 Qxd4 17. Bc3 Qxd1 18. Raxd1 Bf5 19. Nf6+ gxf6 20. exf6 Bd7 1-0

[Event "62. BEM 2008"]
[Site "Dortmund"]
[Date "2008.02.19"]
[Round "2.28"]
[White "Griese, Andreas"]
[Black "Gegner, Michael"]
[Result "0-1"]
[WhiteElo "1058"]
[BlackElo "1552"]
[PlyCount "96"]
[EventDate "2008.??.??"]
[Source "SG Dortmund"]
[SourceDate "2004.12.16"]

1. d4 Nf6 2. c4 e5 3. dxe5 Ne4 4. Nc3 Nxc3 5. bxc3 Nc6 6. Nf3 d6 7. Bf4 Be6 8.
e3 Qe7 9. Bd3 Bg4 10. O-O dxe5 11. h3 Bd7 12. Bg3 e4 13. Bc2 exf3 14. Qxf3 g6
15. Bxc7 Bxh3 16. Bg3 Bd7 17. Rab1 b6 18. Be4 Rc8 19. Rfd1 Ne5 20. Bxe5 Qxe5
21. Bd5 Qf5 22. Rd4 Qxb1+ 23. Rd1 Qf5 24. Qe4+ Qxe4 25. Bxe4 Rxc4 26. Bf3 Rxc3
27. g4 Rc7 28. Kg2 Be7 29. Be2 O-O 30. f4 Rd8 31. Kg3 Rc2 32. Bf3 Rxa2 33. f5
gxf5 34. gxf5 Bxf5 35. Rxd8+ Bxd8 36. e4 Be6 37. Kf4 a5 38. e5 a4 39. Be4 Rb2
40. Bf5 Bxf5 41. Kxf5 a3 42. e6 fxe6+ 43. Kxe6 a2 44. Kd7 Rd2+ 45. Kc6 a1=Q 46.
Kb7 Rc2 47. Kb8 b5 48. Kb7 b4 0-1

[Event "62. BEM 2008"]
[Site "Dortmund"]
[Date "2008.02.19"]
[Round "2.29"]
[White "Schrimpl, Michael"]
[Black "Rabe, Mark"]
[Result "1-0"]
[WhiteElo "1390"]
[BlackElo "891"]
[PlyCount "105"]
[EventDate "2008.??.??"]
[Source "SG Dortmund"]
[SourceDate "2004.12.16"]

1. c4 e6 2. Nc3 Nf6 3. e4 Bb4 4. e5 Ng8 5. Qg4 g6 6. d4 d6 7. f4 Nh6 8. Qd1 c6
9. Nf3 d5 10. a3 Be7 11. Be3 Nf5 12. Bf2 Bh4 13. Nxh4 Nxh4 14. Qg4 Nf5 15. h4
Qb6 16. b4 h5 17. Qd1 a6 18. c5 Qd8 19. g4 Ng7 20. gxh5 Nxh5 21. Qg4 Ng7 22.
Bd3 Nf5 23. O-O-O a5 24. b5 a4 25. b6 Nd7 26. h5 Nh6 27. Qf3 g5 28. fxg5 Qxg5+
29. Be3 Qg4 30. Qf2 Qg7 31. Rhg1 Qf8 32. Rdf1 Nb8 33. Qf6 Nd7 34. Qg5 Nxb6 35.
Bf2 Rg8 36. Qf6 Rxg1 37. Rxg1 Nd7 38. Qg5 b6 39. Bh4 f6 40. exf6 Nxf6 41. Qxf6
Qxf6 42. Bxf6 Bd7 43. Rg7 Kf8 44. Rxd7 bxc5 45. dxc5 Rb8 46. Bg6 e5 47. Bg7+
Kg8 48. Bxh6 e4 49. Rg7+ Kh8 50. Ra7 Rd8 51. Bg7+ Kg8 52. h6 Rf8 53. h7# 1-0

[Event "62. BEM 2008"]
[Site "Dortmund"]
[Date "2008.02.21"]
[Round "3.1"]
[White "Hoppe, Dirk"]
[Black "Lindam, Ingo"]
[Result "1/2-1/2"]
[WhiteElo "1779"]
[BlackElo "2070"]
[Annotator "Lindam,Ingo"]
[PlyCount "109"]
[EventDate "2008.??.??"]
[Source "SG Dortmund"]
[SourceDate "2004.12.16"]

1. e4 d5 2. exd5 Nf6 3. d4 Bg4 4. Nf3 Qxd5 5. Nc3 Qd7 $6 6. h3 $1 Bxf3 7. Qxf3
c6 $6 (7... Nc6 $142) 8. Be3 $16 e6 9. Bd3 Bb4 10. O-O $16 O-O 11. Ne2 $6 Qd5
12. Qg3 Bd6 13. c4 Bxg3 14. cxd5 Bd6 15. dxe6 fxe6 16. Bf4 {mit Remisangebot}
16... Bb4 17. Be5 Nd5 18. a3 Ba5 19. Ng3 Nd7 20. b4 $6 Nxe5 21. dxe5 Bb6 $15 (
21... Bc7 $15) 22. Ne4 Nf4 $6 (22... Bd4 23. Rad1 Bxe5 24. Ng5 $11) (22... Rf5
$1 23. Nd6 (23. Nc5 Rxe5 24. Nd7 (24. Nxb7 Nf4 $17) 24... Rg5 25. Nxb6 axb6)
23... Rxe5 24. Nxb7 Nf4 $17) 23. Bc4 Bd4 24. Rad1 Bxe5 25. Nc5 b5 26. Bxe6+
Nxe6 27. Nxe6 Rfe8 28. Nc5 a5 29. Rd3 axb4 30. axb4 Rad8 31. Rfd1 Rxd3 32. Nxd3
Rd8 33. Kf1 Bf6 (33... Bc3 34. Ke2 Re8+ 35. Kf3 $11) 34. Ke2 $11 Kf7 $4 35.
Ne5+ $1 $16 Ke6 36. Rxd8 Bxd8 37. Nxc6 Bb6 38. f4 $6 $11 Kd5 39. Na5 Kd4 $6 (
39... Bc7 $1 40. f5 Bd6 $15) 40. g4 Ke4 $6 41. f5 Kf4 $2 42. Nc6 Ke4 43. Kf1 (
43. Nb8 Bd8) 43... Kd5 44. Na5 (44. Ne7+ Kc4 45. g5 Bc7) 44... Bd8 45. Ke2 Be7
46. Kd3 Bxb4 47. Nb3 Bc5 $2 48. Nxc5 $11 Kxc5 49. Kc3 Kd5 (49... b4+ 50. Kb3 h6
51. h4 $8 $11) (49... h5 $4 50. gxh5 Kd5 51. f6 $18) 50. Kb4 Ke4 (50... h5 $11
51. Kxb5 hxg4 52. hxg4 Ke4 53. Kc6 Kf4 54. Kd6 Kxg4 55. Ke6 $11) 51. Kxb5 Kf4
52. Kc5 h6 53. Kd4 h5 (53... Kg3 54. Ke4 Kxh3 55. Kf3 $11) 54. gxh5 Kxf5 55. h6
1/2-1/2

[Event "62. BEM 2008"]
[Site "Dortmund"]
[Date "2008.02.21"]
[Round "3.2"]
[White "Grube, Jörg"]
[Black "Begna, Bozidar"]
[Result "1-0"]
[WhiteElo "1747"]
[BlackElo "1955"]
[PlyCount "65"]
[EventDate "2008.??.??"]
[Source "SG Dortmund"]
[SourceDate "2004.12.16"]

1. e4 d6 2. d4 Nf6 3. Nc3 e5 4. d5 Be7 5. Nf3 c6 6. Be2 Nbd7 7. O-O Nc5 8. Nd2
cxd5 9. exd5 O-O 10. Nc4 Ne8 11. Be3 b6 12. f4 exf4 13. Bxf4 Bf6 14. Nb5 Ne4
15. Qd3 Bf5 16. Qa3 Bg6 17. Bd3 a6 18. Nbxd6 Bd4+ 19. Kh1 Bc5 20. Nb7 Bxa3 21.
Nxd8 Bc5 22. Bxe4 Bxe4 23. Nb7 Bxd5 24. Nxc5 bxc5 25. Nb6 Rd8 26. Rad1 Nf6 27.
Bc7 Bxg2+ 28. Kxg2 Rxd1 29. Rxd1 Re8 30. Rd8 g5 31. Nd5 Rxd8 32. Nxf6+ Kg7 33.
Bxd8 1-0

[Event "62. BEM 2008"]
[Site "Dortmund"]
[Date "2008.02.21"]
[Round "3.3"]
[White "Borjini, Mohamed"]
[Black "Barskij, Aleksandr"]
[Result "0-1"]
[WhiteElo "1933"]
[BlackElo "1874"]
[PlyCount "94"]
[EventDate "2008.??.??"]
[Source "SG Dortmund"]
[SourceDate "2004.12.16"]

1. d4 Nf6 2. c4 g6 3. Nc3 d5 4. cxd5 Nxd5 5. e4 Nxc3 6. bxc3 Bg7 7. Bc4 c5 8.
Ne2 Nc6 9. Be3 O-O 10. O-O Bg4 11. f3 Na5 12. Bd3 cxd4 13. cxd4 Be6 14. d5 Bxa1
15. Qxa1 f6 16. Qd4 Bf7 17. Bh6 Re8 18. Bb5 e5 19. Qf2 Re7 20. Be3 b6 21. f4
Rc8 22. fxe5 Rxe5 23. Ng3 Nc4 24. Bd4 Nd6 25. Bxe5 fxe5 26. Bc6 Qe7 27. Qf6
Qxf6 28. Rxf6 Rd8 29. Kf2 Kg7 30. Rf3 Rc8 31. Rc3 Be8 32. Ke3 Nb5 33. Rc4 Bxc6
34. Rxc6 Rxc6 35. dxc6 Kf6 36. a4 Nc7 37. Ne2 Ke6 38. Nc3 Kd6 39. Nb5+ Nxb5 40.
axb5 a6 41. Kd3 axb5 42. Kc3 b4+ 43. Kxb4 Kxc6 44. Kc4 b5+ 45. Kb4 Kb6 46. h3
g5 47. g4 h6 0-1

[Event "62. BEM 2008"]
[Site "Dortmund"]
[Date "2008.02.21"]
[Round "3.4"]
[White "Raskin, Vitali"]
[Black "Kropp, Andreas"]
[Result "1/2-1/2"]
[WhiteElo "1634"]
[BlackElo "1918"]
[PlyCount "51"]
[EventDate "2008.??.??"]
[Source "SG Dortmund"]
[SourceDate "2004.12.16"]

1. d4 Nf6 2. c4 g6 3. Nf3 Bg7 4. Nc3 O-O 5. e4 d6 6. Be2 e5 7. dxe5 dxe5 8.
Qxd8 Rxd8 9. Bg5 Re8 10. O-O c6 11. Rfd1 Be6 12. Nxe5 Nxe4 13. Nxe4 Bxe5 14.
Nd6 Bxd6 15. Rxd6 Nd7 16. Rad1 Nc5 17. f3 Bf5 18. Bf1 Re6 19. g4 Rxd6 20. Rxd6
Be6 21. b4 Nd7 22. Bf4 Nb6 23. c5 Nd5 24. Bd2 Nc7 25. a4 a6 26. Kf2 1/2-1/2

[Event "62. BEM 2008"]
[Site "Dortmund"]
[Date "2008.02.21"]
[Round "3.5"]
[White "Gitschel, Ralf"]
[Black "Werner, Patrick"]
[Result "1-0"]
[WhiteElo "1914"]
[BlackElo "1692"]
[PlyCount "40"]
[EventDate "2008.??.??"]
[Source "SG Dortmund"]
[SourceDate "2004.12.16"]

1. e4 g6 2. d4 Bg7 3. f4 d6 4. Nf3 Nd7 5. c3 e6 6. Bd3 b6 7. O-O Ne7 8. Nbd2
O-O 9. h4 Nf6 10. Ng5 e5 11. Ndf3 exd4 12. e5 dxe5 13. fxe5 Ng4 14. cxd4 Nf5
15. Bc4 Kh8 16. Qd3 Ngh6 17. Ne4 Nxh4 18. Bg5 Nxf3+ 19. Rxf3 Qe8 20. Nf6 Qc6 (
20... Qc6 21. Bd5 $18) 1-0

[Event "62. BEM 2008"]
[Site "Dortmund"]
[Date "2008.02.21"]
[Round "3.6"]
[White "Zelt, Jens"]
[Black "Watzlawek, Volker"]
[Result "1/2-1/2"]
[WhiteElo "1982"]
[BlackElo "1661"]
[PlyCount "58"]
[EventDate "2008.??.??"]
[Source "SG Dortmund"]
[SourceDate "2004.12.16"]

1. d4 d5 2. Nf3 e6 3. Bf4 f5 4. c3 Nf6 5. e3 Bd6 6. Be2 O-O 7. Nbd2 c5 8. Bxd6
Qxd6 9. Ne5 Nbd7 10. f4 Ne4 11. Ndf3 Nxe5 12. Nxe5 Bd7 13. O-O Qe7 14. Bf3 Bb5
15. Re1 cxd4 16. Bxe4 fxe4 17. cxd4 Rfc8 18. Qd2 Rc7 19. Rac1 Rac8 20. h3 a5
21. Kh2 Qb4 22. Rxc7 Rxc7 23. Rd1 Qxd2 24. Rxd2 Rc1 25. Kg3 a4 26. a3 Re1 27.
Rc2 Bc6 28. Kf2 Rb1 29. h4 Kf8 1/2-1/2

[Event "62. BEM 2008"]
[Site "Dortmund"]
[Date "2008.02.21"]
[Round "3.7"]
[White "Collisy, Klaus-D"]
[Black "Ziperstein, Jakob"]
[Result "0-1"]
[WhiteElo "1326"]
[BlackElo "1851"]
[PlyCount "76"]
[EventDate "2008.??.??"]
[Source "SG Dortmund"]
[SourceDate "2004.12.16"]

1. e4 g6 2. d4 Bg7 3. Be3 c5 4. c3 cxd4 5. cxd4 d6 6. g3 Qa5+ 7. Nc3 Nf6 8. Bg2
Ng4 9. Nge2 Nc6 10. O-O O-O 11. Qb3 Qh5 12. h3 Nxe3 13. fxe3 Qh6 14. Rf3 b6 15.
Raf1 Na5 16. Qc2 Bxh3 17. Bxh3 Qxh3 18. Nf4 Qd7 19. Nfd5 e6 20. Nf6+ Bxf6 21.
Rxf6 Kg7 22. Qf2 Rac8 23. Nb5 a6 24. Nxd6 Qxd6 25. Rxf7+ Kg8 26. Kg2 Qd8 27.
Qf4 Qe8 28. Rxf8+ Qxf8 29. Qe5 Qe7 30. d5 Nc4 31. Qd4 e5 32. Qc3 Nd6 33. Qb4 b5
34. b3 Rf8 35. Rc1 Qf6 36. Rc6 Qf3+ 37. Kh3 Qh1+ 38. Kg4 Qh5# 0-1

[Event "62. BEM 2008"]
[Site "Dortmund"]
[Date "2008.02.21"]
[Round "3.8"]
[White "Büchle, Manfred"]
[Black "Ziemek, Gerhard"]
[Result "1-0"]
[WhiteElo "1858"]
[BlackElo "1628"]
[PlyCount "47"]
[EventDate "2008.??.??"]
[Source "SG Dortmund"]
[SourceDate "2004.12.16"]

1. e4 c5 2. Nf3 Nc6 3. d4 cxd4 4. Nxd4 e6 5. Nc3 Bc5 6. Be3 Qb6 7. Ndb5 Bxe3 8.
fxe3 Qxe3+ 9. Be2 Qf4 10. Nd6+ Ke7 11. Rf1 Qxh2 12. Rxf7+ Kd8 13. Rf8+ Kc7 14.
Ncb5+ Kb6 15. Nxc8+ Rxc8 16. Rxc8 Qh1+ 17. Kf2 Qh4+ 18. Kg1 Qxe4 19. Qd3 Qxd3
20. Bxd3 Nce7 21. Re8 h5 22. Nd6 g6 23. Nc8+ Nxc8 24. Rxc8 1-0

[Event "62. BEM 2008"]
[Site "Dortmund"]
[Date "2008.02.21"]
[Round "3.9"]
[White "Schröder, Thomas"]
[Black "Hlopotov, Oleg"]
[Result "1-0"]
[WhiteElo "1569"]
[BlackElo "1679"]
[PlyCount "57"]
[EventDate "2008.??.??"]
[Source "SG Dortmund"]
[SourceDate "2004.12.16"]

1. f4 d5 2. Nf3 Nf6 3. e3 a6 4. b4 e6 5. a3 c5 6. bxc5 Bxc5 7. Bb2 b5 8. Bd3
Nbd7 9. O-O Bb7 10. Nc3 Qb6 11. Ne2 Rc8 12. Qe1 b4 13. Rb1 a5 14. Qg3 Rg8 15.
f5 Bd6 16. Ne5 Qc7 17. Bb5 Ke7 18. d4 bxa3 19. Ba1 Ne4 20. Qh4+ Ndf6 21. Ng4 g5
22. fxg6 Rxg6 23. Nxf6 Nxf6 24. Rxf6 Rxf6 25. Rf1 Bxh2+ 26. Kh1 Rf8 27. Qxf6+
Kd6 28. Kxh2 Qxc2 29. Qe5+ 1-0